000 00888cam a2200217 4500
001 WB3728-21
008 010718n2001 000 0 eng u
035 _a(Sirsi) u113694
245 _aCandidate countries' real estate
260 _c2001
490 _aRICS European Alert
_vJune 2001, 3-4(1)
520 _aConcerned by the purchase of real estate in candidate countries for EU membership which wish to limit the acquisition of agriculural land and secondary residencies by other EU countries, the EC has proposed a transition period for the purchase of real estate in these candidate countries.
590 _aWB
650 _aEUROPEAN COMMISSION
650 _aTRANSITIONAL PERIOD
650 _aPROPERTY-RURAL AND NATURAL ASSETS-AGRICULTURAL PROPERTY-AGRICULTURAL LAND
650 _aSECONDARY PROPERTY
650 _aFORESTRY
690 _aINTERNATIONAL-EUROPE
942 _n0
999 _c67742
_d67742